000
00273nam a22001217a 4500
008
181101b xxu||||| |||| 00| 0 eng d
041
_a
eng
080
_2
4 th
_a
159.9
100
_a
48
101
_a
PSI
245
_a
Psychiatric Dictionary
_c
Leland .e.h
942
_2
udc
_c
BK
999
_c
51396
_d
51396